Documents et méthode pour le commentaire de cartes: Géographie et Géologie
Salvato in:
| Autori principali: | , , |
|---|---|
| Natura: | Libro |
| Lingua: | francese |
| Pubblicazione: |
París
Armand Colin
1997
|
| Edizione: | 2a. ed |
| Soggetti: | |
| Tags: |
Aggiungi Tag
Nessun Tag, puoi essere il primo ad aggiungerne!!
|
MARC
| LEADER | 00000cam a2200000 a 4500 | ||
|---|---|---|---|
| 001 | UCF5714 | ||
| 003 | CL-VaPUC | ||
| 008 | 130322e19970000FR |||||||||||||||||fre|d | ||
| 020 | |a 2200014961 | ||
| 082 | 0 | 4 | |a 912 |b ARC |2 21 |
| 100 | 0 | |a Archambault, M |e author |9 567687 | |
| 700 | 0 | |a Lhénaff, R |e author |9 567688 | |
| 700 | 0 | |a Vanney, J.-R |e author |9 567689 | |
| 245 | 1 | 0 | |a Documents et méthode pour le commentaire de cartes: Géographie et Géologie |
| 250 | |a 2a. ed | ||
| 300 | |a t | ||
| 942 | |c BK | ||
| 945 | |d 20130322 00:00:00 |a dcastane | ||
| 260 | |a París |b Armand Colin |c 1997 | ||
| 500 | |a t.2: les reliefs structuraux | ||
| 500 | |a Inclute 6 separatas y 15 cartas geográficas | ||
| 650 | 0 | |a Cartografía |9 266055 | |
| 650 | 0 | |a Geografía |9 259346 | |
| 650 | 0 | |a Zonas geográficas |9 353991 | |
| 583 | |a last modification |c 20130322 12:27:00 |k Rodrigo Vera | ||
| 999 | |c 351157 |d 351155 | ||
| 952 | |0 0 |1 0 |4 0 |6 912_000000000000000_ARC_1997 |7 0 |8 F |9 455118 |a BIBING |b BIBING |d 2019-11-22 |h t.2 |i 4948742 |o 912 ARC 1997 |p 4948742 |r 2025-01-20 |w 2019-11-22 |y BK_F |k GEO | ||